| 000 | 00805cam a22002413a 4500 | ||
|---|---|---|---|
| 001 | 13619 | ||
| 003 | PGUSA | ||
| 005 | 20140828083307.0 | ||
| 008 | 041008s2004||||xxu|||||s|||||000 | eng d | ||
| 040 |
_aPGUSA _beng |
||
| 042 | _adc | ||
| 050 | 4 | _aPR | |
| 100 | 1 |
_aHubbard, Elbert, _d1856-1915 |
|
| 245 | 1 | 0 |
_aLittle Journeys to the Homes of the Great - Volume 05 : _bLittle Journeys to the Homes of English Authors _h[electronic resource] / _cElbert Hubbard |
| 260 |
_bProject Gutenberg, _c2004 |
||
| 506 | _aPublic domain in the USA. | ||
| 516 | _aElectronic text | ||
| 653 | _aAuthors, English -- Homes and haunts -- Great Britain | ||
| 653 | _aEnglish literature -- History and criticism | ||
| 830 | 0 |
_aProject Gutenberg _v13619 |
|
| 856 | 4 | 0 | _uhttp://www.gutenberg.org/ebooks/13619 |
| 942 | _cEB | ||
| 999 |
_c242874 _d242874 |
||